00984nam a2200253 i 4500001000700000003000900007005001700016007000300033008004100036080001700077100004800094245012700142260003100269300002800300490005200328655004400380700004000424700003000464830005700494852003100551942000800582999001900590952012100609107921ES-MaACL20250829080456.0t|061227s1969 sp ||||1| spa d a82-311-3"18"0 aStevenson, Robert Louis,d1850-1894910816913aLa isla del tesoro / cRobert Louis Stevenson ; prólogo de Jesús Fernández Santos; traducción de Nicanor Ancochea. aMadrid : bSalvat, c1969. a188 p., 1 h. ; c19 cm.1 aBiblioteca básica Salvat de Libros RTV ; v27 09234459aNovelas de acción y aventuras1 aFernández Santos, Jesús.9500791 aAncochea, Nicanor.92141100aBiblioteca básica Salvat de libros RTVv279185398 aES-MaACLjE-2948 bR.69765 2udc c107921d107921 00104070aATENEOMbATENEOMcDEPO2d2008-01-17eSCl0oE-2948p1112625r2023-02-23 00:00:00w2023-02-23yMONOGRAFIA